MDQL
is popping MORE tags! Check the
thread
!
Quizzes
Events
Quiz Creation
Community
Videos
Private Events
Remove Ads
Sign In
Join for FREE
Feedback
Dark Mode
Quiz Categories
Sports
Geography
Music
Movies
Television
Just For Fun
Miscellaneous
History
Literature
Language
Science
Gaming
Entertainment
Religion
Holiday
For Kids
Quiz Lab
Recent
Popular Today
Quiz Kudos Today
Editor Picks
Curator Picks
Quizzes by...
Day
Popularity
Type
Ratings
Length
Year
Community
Subscriptions
Recent Discussions
Orange Saloon
Badges
Playlists
Quests
Create
Leaderboards
Showdown
Live 5
Trivia Bingo
Activity
Puzzle Library
Sporcle Events
Private Events
Virtual Trivia
Globe League
Become a Host
Pub Owners
SporcleCon
Opinionation
Our Games
Videos
Blog
Mobile Apps
Partnerships
Remove Ads and Go Orange
Feedback
Geography
Country
Landmarks
City
State
Population
World
Capital
Continent
Flags
Europe
Africa
Asia
South America
North America
Oceania
Border
Canada
United Kingdom
Topography
United States
Geography
Country
Landmarks
City
State
Population
World
Capital
Continent
Flags
Europe
Africa
Asia
South America
North America
Oceania
Border
Canada
United Kingdom
Topography
United States
Random Quiz
Search Sporcle
×
Quiz Lab
Quiz Lab
Geography
pari
Type in answers that appear in a list
Type in answers that appear in a list
Classic
Best Score? Go Orange.
RER line B stations Stats
Can you name the stations on line B of the Paris RER?
By
opi96
20m
47 Questions
213 Plays
213 Plays
213 Plays
Comments
Comments
Give Quiz Kudos
Give Quiz Kudos
-
- Ratings
hide this ad
Replay
Link that replays current quiz
Next Quiz
Link to next quiz in quiz playlist
You Got
0%
They Got
Avg Score
71%
Avg Friend Score
Upgrade to see
Score Distribution
Jump to the score distribution portion of the page
Score
0/47
Timer
20:00
0
Plays Today
Section
Station
% Correct
Central
Luxembourg
98.6%
Central
Châtelet - Les Halles
98.1%
Central
Gare du Nord
97.2%
Central
Saint-Michel - Notre-Dame
94.4%
B3
Aéroport Charles de Gaulle 2 - TGV
93.9%
B3
Aéroport Charles de Gaulle 1
93.4%
Central
Cité Universitaire
92.5%
Central
La Plaine - Stade de France
91.5%
Central
Denfert-Rochereau
91.5%
Central
Port-Royal
88.3%
B4
Massy - Palaiseau
87.3%
B4
Antony
83.6%
B2
Robinson
83.1%
B4
Saint-Rémy-lès-Chevreuse
83.1%
Central
Gentilly
80.8%
Central
Laplace
80.3%
B2
Sceaux
77%
B3
Parc des Expositions
75.1%
Central
Arcueil - Cachan
75.1%
B4
Parc de Sceaux
75.1%
B5
Mitry - Claye
74.6%
Central
Drancy
73.7%
Central
La Courneuve - Aubervilliers
73.7%
Central
Aulnay-sous-Bois
72.3%
Section
Station
% Correct
Central
Le Bourget
72.3%
Central
Bourg-la-Reine
72.3%
B3
Sevran - Beaudottes
70.4%
B4
Massy - Verrières
70%
B3
Villepinte
69%
Central
Bagneux
68.5%
B4
Palaiseau
67.6%
B4
Gif-sur-Yvette
63.4%
B4
Lozère
61.5%
B4
Orsay - Ville
59.2%
Central
Le Blanc-Mesnil
58.2%
B4
La Croix de Berny
55.9%
B4
Les Baconnets
53.5%
B4
Bures-sur-Yvette
53.1%
B5
Vert-Galant
52.1%
B5
Sevran - Livry
52.1%
B2
Fontenay-aux-Roses
51.6%
B4
Le Guichet
51.2%
B4
Fontaine-Michalon
49.8%
B4
Palaiseau - Villebon
49.3%
B4
La Hacquinière
47.9%
B5
Villeparisis - Mitry-le-Neuf
45.1%
B4
Courcelle-sur-Yvette
37.6%
Quiz Playlist
Details
Report
Send in Message
Add To Playlist
Classic:
Type in answers that appear in a list
Last Updated: Feb 16, 2017
Quiz Scoreboard
CHALLENGE
Sign Up to Join the Scoreboard
Show All
Scores
Hide
Comments
May contain spoilers
Recently Published
5x2 Blitz: Bands
by SL_Kpop136
Music
30s
Colored Red Africa Blitz
by spor1
Geography
30s
Find the 'City' Movie
by crazypaving
Movies
60s
More to Explore
Quiz From the Vault
Featured Blog Post
14 Easter Pick-up Lines to Find Eggs With
hide this ad
You Might Also Like...
Tags
pari
section
station
Today's Top Quizzes in Geography
Browse Geography
hide this ad
Today's Top Quizzes in pari
Browse pari
Top Contributed Quizzes in Geography
1
Countries of the World - No Outlines Minefield
2
Colored Red Europe Blitz I
3
Colored Red Africa Blitz II
4
Colored Red Europe Blitz II
5
Colored Red Africa Blitz III
6
Colored Red Europe Blitz III
7
African Flag Reveal XLVI
8
Colored Red States Blitz I
9
Colored Red States Blitz II
10
Colored Red States Blitz III
Explore More
Trending Topics
NBA
Marvel
Harry Potter
Crossword
Kpop
Disney
Anime
WWE
Country
Soccer
Song
The Office
Puzzle
NFL
Pokémon
hide this ad
More By:
opi96
Quiz
Plays
Rating
Category
Featured
Created
South Western Railway stations
1,676
4.00
Geography
Jun 1, 2013
Great Western Railway stations
1,626
4.00
Geography
May 17, 2013
Most Common London Underground Words
1,429
4.88
Geography
Aug 30, 2013
Stations in Kent - MAP
1,424
4.33
Geography
Mar 6, 2016
Southern stations
1,361
4.50
Geography
Nov 30, 2013
Go to Creator's Profile
Score Distribution
Quiz Creator Spotlight
opi96
Follow
Send a Message
Quizzes Created
-
Created Quiz Play Count
-
More By This Creator
Popular Quizzes Today
1
Colored Red Africa Blitz
2
Find the 'City' Movie
3
Find the US States - No Outlines Minefield
4
5x2 Blitz: Bands
5
The Countries of the World
6
Find the US States
7
US States
8
9x9 Crossword: Cartoon Network
More Geography Quizzes
Countries with the Most Breweries
Quiz Lab
Trending Quizzes
Colored Red Europe Blitz I
Colored Red Europe Blitz II
Colored Red Africa Blitz II
Colored Red Europe Blitz III
Colored Red Africa Blitz III
Recently Updated
How Do You Spell That?
pecheneg
Godzilla Movies
pecheneg
Grab Bag: 4-10 Letters
pecheneg
2024 March Madness Bracket
pecheneg
Famous TV Couples
Peacemaker
Champions League XIs: Real Madrid
pecheneg
Largest US Cities 1790-2010
pecheneg
Rides in Walt Disney World
pecheneg
Most Oscar Losses (Acting)
pecheneg
Beyoncé Albums
pecheneg
Trending Topics
Marvel
Disney
Harry Potter
Kpop
Crossword
NBA
Anime
The Office
Pokémon
NFL
Country
WWE
Song
Soccer
Puzzle
Your Account Isn't Verified!
In order to create a playlist on Sporcle, you need to verify the email address you used during registration. Go to your
Sporcle Settings
to finish the process.
Report this User
Report this user for behavior that violates our
Community Guidelines
.
Details:
Send Report
Go to the Sporcle.com Mobile Site →
Comments